Normal view MARC view
  • Kuntz, Walter N.

Entry Personal Name

Number of records used in: 1

001 - CONTROL NUMBER

  • control field: 6714

003 - CONTROL NUMBER IDENTIFIER

  • control field: OSt

005 - DATE AND TIME OF LATEST TRANSACTION

  • control field: 20170522111419.0

008 - FIXED-LENGTH DATA ELEMENTS

  • fixed length control field: 170522|| aca||aabn | a|a d

040 ## - CATALOGING SOURCE

  • Original cataloging agency: OSt
  • Transcribing agency: OSt

100 ## - HEADING--PERSONAL NAME

  • Personal name: Kuntz, Walter N.

670 ## - SOURCE DATA FOUND

  • Source citation: Work cat.: (OSt): Kuntz, Walter N., Modern corporate management :, 1978.
Pusat Sumber Maklumat Dato' Haji Sarmin Md Hussin, Akademi Kastam Diraja Malaysia, Melaka
Tel: 06-2331106 | Faks: 06-2313787